Vowel-less Movie Titles III Quiz Stats

 Plays Quiz Updated May 1, 2015

Challenge
Share
Tweet
Embed
Score 0/26 Timer 05:00
0 Plays Today
Title Without Vowels Full Title % Correct
FRRST GMPForrest Gump
94.6%
PLP FCTNPulp Fiction
93.1%
FGHT CLBFight Club
91.7%
LS MSRBLSLes Misérables
88.8%
MDGSCRMadagascar
87.7%
MSSSSPP BRNNGMississippi Burning
85.2%
SCRMScream
84.2%
TH BTLRThe Butler
78.7%
NFRGVNUnforgiven
59.1%
TH NSDRThe Insider
53.9%
TH GRDTThe Graduate
49.2%
LDDNAladdin
43%
TH RDRThe Reader
42.5%
Title Without Vowels Full Title % Correct
DG F TMRRWEdge of Tomorrow
41.5%
BBBabe
38%
RTTLLRatatouille
33%
GRSGrease
32.4%
MRCN BTAmerican Beauty
31.5%
MMNTMemento
30.1%
MMM MMamma Mia!
29.2%
TNMNTAtonement
27.4%
CN RCon Air
25.1%
CLPSEclipse
23.9%
MDSAmadeus
23%
CPTCapote
23%
VTEvita
22.6%

You're not logged in!

Compare scores with friends on all Sporcle quizzes.
OR
Log In

You Might Also Like...

Show Comments

Extras

Top Quizzes Today


Score Distribution

Your Account Isn't Verified!

In order to create a playlist on Sporcle, you need to verify the email address you used during registration. Go to your Sporcle Settings to finish the process.

Report this User

Report this user for behavior that violates our Community Guidelines.

Details: